Test Your Skills in C (Record no. 3402)

MARC details
000 -LEADER
fixed length control field 00383nam a2200169Ia 4500
008 - FIXED-LENGTH DATA ELEMENTS--GENERAL INFORMATION
fixed length control field 221030s9999 xx 000 0 und d
020 ## - INTERNATIONAL STANDARD BOOK NUMBER
ISBN 0070447594
041 ## - LANGUAGE CODE
Language code of text/sound track or separate title
082 ## - DEWEY DECIMAL CLASSIFICATION NUMBER
Classification number 105.23
Item number Tha
100 ## - MAIN ENTRY--AUTHOR NAME
Personal name S. T. Selvi
245 #0 - TITLE STATEMENT
Title Test Your Skills in C
260 ## - PUBLICATION, DISTRIBUTION, ETC. (IMPRINT)
Name of publisher TMH
Place of publication New Delhi
Year of publication 2006
300 ## - PHYSICAL DESCRIPTION
Number of Pages 263
650 ## - SUBJECT ADDED ENTRY--TOPICAL TERM
Topical Term Computers
700 ## - ADDED ENTRY--PERSONAL NAME
Personal name R. Murrugesan
942 ## - ADDED ENTRY ELEMENTS (KOHA)
Koha item type Books
Holdings
Accession Number Cost, normal purchase price Full call number Price effective from Koha item type Withdrawn / writtenoff status Materials specified (bound volume or other part) Damaged status Not for loan Permanent Location Current Location Shelving location Date acquired Lost/ Missing status department
M 1435 165.00 105.23 Tha 10/30/2022 Books   Print     MIET Library, Jammu MIET Library, Jammu BL-Academic Block- B, FL-2, CUP-170, SH-2, R-2 11/29/2006   MCA
M 1436 165.00 105.23 Tha 10/30/2022 Books   Print     MIET Library, Jammu MIET Library, Jammu BL-Academic Block - B, FL-2, CUP-170, SH-2, R-2 11/29/2006   MCA
BE 8848 195.00 105.23 Sel 10/30/2022 Books   Print     MIET Library, Jammu MIET Library, Jammu BL-Academic Block C, FL-2, CUP-20, SH-1, R-1 11/25/2006   BE
BE 8849 195.00 105.23 Sel 10/30/2022 Books   Print     MIET Library, Jammu MIET Library, Jammu BL-Academic Block C, FL-2, CUP-20, SH-1, R-1 11/25/2006   BE
BE 8850 195.00 105.23 Sel 10/30/2022 Books   Print     MIET Library, Jammu MIET Library, Jammu BL-Academic Block C, FL-2, CUP-20, SH-1, R-1 11/25/2006   BE